Statistics for 2nd Generation Pokemon

Click here to take the quiz!

General Stats

  • This quiz has been taken 1,106 times
    (1,086 since last reset)
  • The average score is 60 of 100

Answer Stats

Hint Answer % Correct
158Totodile
93%
155Cyndaquil
93%
152Chikorita
93%
153Bayleef
90%
157Typhlosion
89%
154Meganium
88%
249Lugia
87%
250Ho-oh
87%
156Quilava
87%
160Feraligatr
86%
159Croconaw
84%
244Entei
82%
245Suicune
81%
243Raikou
80%
163Hoothoot
80%
251Celebi
78%
164Noctowl
77%
208Steelix
76%
161Sentret
75%
248Tyranitar
73%
246Larvitar
73%
162Furret
73%
239Elekid
73%
172Pichu
73%
240Magby
72%
197Umbreon
72%
196Espeon
71%
247Pupitar
71%
179Mareep
69%
167Spinarak
69%
212Scizor
68%
175Togepi
68%
168Ariados
67%
181Ampharos
66%
174Igglybuff
64%
241Miltank
64%
176Togetic
64%
237Hitmontop
64%
173Cleffa
63%
229Houndoom
63%
228Houndour
62%
238Smoochum
62%
169Crobat
62%
180Flaaffy
62%
230Kingdra
60%
165Ledyba
60%
166Ledian
58%
227Skarmory
57%
214Heracross
56%
236Tyrogue
56%
185Sudowoodo
55%
220Swinub
54%
178Xatu
54%
177Natu
54%
199Slowking
54%
200Misdreavus
53%
242Blissey
53%
221Piloswine
53%
198Murkrow
52%
217Ursaring
52%
232Donphan
52%
204Pineco
52%
216Teddiursa
52%
195Quagsire
51%
231Phanpy
51%
187Hoppip
51%
183Marill
51%
226Mantine
50%
186Politoed
50%
215Sneasel
50%
189Jumpluff
49%
225Delibird
49%
184Azumarill
49%
203Girafarig
49%
171Lanturn
49%
224Octillery
49%
194Wooper
49%
192Sunflora
49%
223Remoraid
49%
182Bellossom
48%
191Sunkern
48%
170Chinchou
48%
188Skiploom
47%
205Forretress
47%
234Stantler
47%
206Dunsparce
46%
218Slugma
45%
233Porygon 2
45%
210Granbull
44%
202Wobbuffet
43%
209Snubbull
43%
213Shuckle
43%
193Yanma
42%
207Gligar
42%
235Smeargle
42%
219Magcargo
42%
222Corsola
41%
190Aipom
38%
211Qwilfish
37%
201Unown
23%

Score Distribution

Percentile by Number Answered

Percent of People with Each Score

Your Score History

You have not taken this quiz since the last reset